Online katalóg knižníc regiónu Turca

Nerozvážnosti (Record no. 22247)

MARC details
000 -LEADER
fixed length control field 01537cam a2200397 a 4500
001 - CONTROL NUMBER
control field 22247
003 - CONTROL NUMBER IDENTIFIER
control field VRT
005 - DATE AND TIME OF LATEST TRANSACTION
control field 20260323151202.0
008 - FIXED-LENGTH DATA ELEMENTS--GENERAL INFORMATION
fixed length control field 240226s1999 xo ra 000 f slo
015 ## - NATIONAL BIBLIOGRAPHY NUMBER
National bibliography number SNBA1999/10-03859
020 ## - INTERNATIONAL STANDARD BOOK NUMBER
International Standard Book Number 8085218755
035 ## - SYSTEM CONTROL NUMBER
System control number SNK000323306
035 ## - SYSTEM CONTROL NUMBER
System control number urn:nbn:sk:snk-amk1gt
035 ## - SYSTEM CONTROL NUMBER
System control number urn:nbn:sk:snk-am0087j0
035 ## - SYSTEM CONTROL NUMBER
System control number A70EFB8B-A57C-4357-AF24-581A9ADA0A33
039 #9 - LEVEL OF BIBLIOGRAPHIC CONTROL AND CODING DETAIL [OBSOLETE]
Level of rules in bibliographic description 202402261426
Level of effort used to assign nonsubject heading access points VLOAD
Level of effort used to assign subject headings 202205120802
Level of effort used to assign classification VLOAD
Level of effort used to assign subject headings 202112131127
Level of effort used to assign classification csnk01
Level of effort used to assign subject headings 202112131118
Level of effort used to assign classification csnk01
040 ## - CATALOGING SOURCE
Original cataloging agency SNK
Language of cataloging slo
Original cataloging agency SNK
Description conventions AACR2
041 1# - LANGUAGE CODE
Language code of text/sound track or separate title slo
Language code of original eng
044 ## - COUNTRY OF PUBLISHING/PRODUCING ENTITY CODE
MARC country code xo
ISO country code SK
072 #7 - SUBJECT CATEGORY CODE
Subject category code 821.111-3
Subject category code subdivision Anglická próza, anglicky písaná
Source konspekt
080 ## - UNIVERSAL DECIMAL CLASSIFICATION NUMBER
Universal Decimal Classification number 821.111-31
Edition identifier 2001
100 1# - MAIN ENTRY--PERSONAL NAME
Personal name Adler, Elizabeth,
Dates associated with a name 1950-
Relationship aut
240 10 - UNIFORM TITLE
Uniform title Indiscretions
Language of a work Slovensky
245 10 - TITLE STATEMENT
Title Nerozvážnosti
Statement of responsibility, etc. Elizabeth Adler ; [z anglického originálu Indiscretions ... preložila Paulína Pastíriková]
260 ## - PUBLICATION, DISTRIBUTION, ETC.
Place of publication, distribution, etc. Bratislava
Name of publisher, distributor, etc. Remedium
Date of publication, distribution, etc. 1999
300 ## - PHYSICAL DESCRIPTION
Extent 303 s.
Dimensions 22 cm
655 #7 - INDEX TERM--GENRE/FORM
Genre/form data or focus term anglické romány
Source of term SNKPH
700 1# - ADDED ENTRY--PERSONAL NAME
Personal name Pastíriková, Paulína
Relationship trl
910 ## - USER-OPTION DATA (OCLC)
User-option data snk
942 ## - ADDED ENTRY ELEMENTS (KOHA)
Source of classification or shelving scheme Dewey Decimal Classification
Koha item type Krásna literatúra pre dospelých
Suppress in OPAC No
949 ## - LOCAL PROCESSING INFORMATION (OCLC)
6 270001000094248
a svkbbA 102396
b svkbbm 635032
p 635.032
949 ## - LOCAL PROCESSING INFORMATION (OCLC)
6 273K0108293
a svkpoA 176031
b svkpo437991
o Poškodená - zatečená
q Poškodená - zatečená
r Poškodená - zatečená
949 ## - LOCAL PROCESSING INFORMATION (OCLC)
6 2889747801
a savukPV 1948
949 ## - LOCAL PROCESSING INFORMATION (OCLC)
6 17A0203760
9 P60, <03>, [BOOK], {603}
a snkSC 99363
b snkKSP 8177/99
s 6100:20140925
949 ## - LOCAL PROCESSING INFORMATION (OCLC)
6 17A0203761
9 P60, <05>, [BOOK], {605}
a snkSC 99363 D1
b snkKSP 8178/99
Holdings
Stav vyradenia Strata Poškodenie Spôsob nadobudnutia Domovská knižnica Aktuálna knižnica Dátum nadobudnutia Total checkouts Čiarový kód exemplára Date last seen Typ exemplára
      Dar Obecná knižnica Horná Štubňa Obecná knižnica Horná Štubňa 23.03.2026   9788085218756 23.03.2026 Krásna literatúra pre dospelých
Projekt je podporený Slovenskou asociáciou knižníc
Prevádzkuje Turčianska knižnica Martin 2026